[Event "SVK-chT2C 2223"]
[Site "Slovakia"]
[Date "2023.01.15"]
[Round "7.5"]
[White "Balint, Vladimir"]
[Black "Priechodsky, Radovan"]
[Result "0-1"]
[WhiteElo "1923"]
[BlackElo "1937"]
[PlyCount "106"]
[EventDate "2022.10.08"]
[EventType "team-tourn"]
[EventRounds "11"]
[EventCountry "SVK"]
[SourceTitle "EXT 2024"]
[Source "ChessBase"]
[SourceDate "2023.10.10"]
[SourceVersion "1"]
[SourceVersionDate "2023.10.10"]
[SourceQuality "1"]
[WhiteTeam "Martin Medea"]
[BlackTeam "Liptov Chess School III"]
[WhiteTeamCountry "SVK"]
[BlackTeamCountry "SVK"]

1. e4 d6 2. f4 g6 3. Nf3 Bg7 4. Bc4 a6 5. 0-0 b5 6. Bb3 c5 7. Bd5 Ra7 8. a4 e6 9. Ba2 Qb6 10. Kh1 Ne7 11. d3 Bb7 12. Qe1 d5 13. exd5 Bxd5 14. Nc3 Bxa2 15. Rxa2 Nbc6 16. axb5 Nb4 17. Ra4 Nxc2 18. Qf2 Nd4 19. Nxd4 cxd4 20. Ne4 0-0 21. Rxa6 Rxa6 22. bxa6 Qxa6 23. Qf3 Rc8 24. b4 Qb6 25. Bd2 Nd5 26. h4 Nc3 27. h5 Qxb4 28. hxg6 hxg6 29. Qh3 Qb2 30. Bc1 Qe2 31. Qf3 Qxf3 32. gxf3 Ne2 33. Bd2 f5 34. Rf2 fxe4 35. Rxe2 e3 36. Bxe3 dxe3 37. Rxe3 Kf7 38. Kg2 Rd8 39. Kf1 Bh6 40. Ke2 Bxf4 41. Re4 e5 42. Ra4 Rd4 43. Ra7+ Kf6 44. Ra6+ Kf5 45. Ra2 Kg5 46. Ra1 Rb4 47. Ra2 Kh4 48. Rc2 Kg3 49. Ra2 g5 50. Rc2 Rb1 51. d4 exd4 52. Kd3 Rd1+ 53. Ke4 d3 0-1

[Event "SVK-ch U18"]
[Site "Stara Lubovna"]
[Date "2022.05.23"]
[Round "3"]
[White "Priechodsky, Radovan"]
[Black "Mederly, Jan"]
[Result "0-1"]
[WhiteElo "1965"]
[BlackElo "1446"]
[PlyCount "66"]
[EventDate "2022.05.21"]
[EventType "swiss"]
[EventRounds "9"]
[EventCountry "SVK"]
[SourceTitle "CBM 208 Extra"]
[Source "ChessBase"]
[SourceDate "2022.07.31"]
[SourceVersion "1"]
[SourceVersionDate "2022.07.31"]
[SourceQuality "1"]

1. c4 c6 2. e4 d5 3. cxd5 cxd5 4. exd5 Nf6 5. Nc3 Nxd5 6. d4 Nc6 7. Bc4 Be6 8. Bb3 g6 9. Nf3 Bg7 10. 0-0 0-0 11. Be3 Nxe3 12. fxe3 Bxb3 13. Qxb3 Na5 14. Qc2 Nc4 15. Rfe1 Rc8 16. Rad1 e6 17. b3 Nd6 18. Qd3 Qa5 19. Na4 Rfd8 20. Rc1 Nf5 21. g4 Ne7 22. Rxc8 Rxc8 23. e4 b5 24. Nc5 Nc6 25. Rc1 Qa3 26. Qc3 Bxd4+ 27. Nxd4 Nxd4 28. Kf1 e5 29. b4 Qxa2 30. Qg3 Ne2 31. Qxe5 Nxc1 32. Nd7 Qe2+ 33. Kg1 Qe3+ 0-1

[Event "EU-ch Schools U17"]
[Site "Tornelo INT"]
[Date "2021.12.10"]
[Round "2"]
[White "Priechodsky, Radovan"]
[Black "Zemlyanskii, Ivan"]
[Result "0-1"]
[WhiteElo "1987"]
[BlackElo "2169"]
[PlyCount "102"]
[EventDate "2021.12.03"]
[EventType "swiss (rapid)"]
[EventRounds "7"]
[EventCountry "NET"]
[SourceTitle "EXT 2023"]
[Source "ChessBase"]
[SourceDate "2022.10.05"]
[SourceVersion "1"]
[SourceVersionDate "2022.10.05"]
[SourceQuality "1"]

1. d4 Nf6 2. Bf4 b6 3. Nf3 Bb7 4. e3 Nh5 5. Bg5 h6 6. Bh4 g5 7. Bg3 Nxg3 8. hxg3 Bg7 9. Ne5 d6 10. Nf3 e6 11. Bb5+ Nd7 12. Nbd2 a6 13. Bd3 Qe7 14. Qe2 0-0 15. c3 c5 16. 0-0 Rfd8 17. e4 b5 18. Rad1 Rac8 19. Rfe1 g4 20. Nh4 Qg5 21. dxc5 dxc5 22. Bb1 Ne5 23. Nb3 c4 24. Nd4 Rd7 25. f4 gxf3 26. Ndxf3 Qxg3 27. Nxe5 Rxd1 28. Rxd1 Qxe5 29. Nf3 Qc5+ 30. Kh1 Qc7 31. Qd2 Bc6 32. Nd4 Rd8 33. Qc2 Be8 34. Nf3 Rxd1+ 35. Qxd1 Bc6 36. Qd2 Qd7 37. Qxd7 Bxd7 38. Kg1 Kf8 39. Kf2 Ke7 40. Ke3 Kd6 41. Bc2 a5 42. a4 bxa4 43. Nd2 Kc5 44. Bd1 a3 45. bxa3 Bxc3 46. Nf3 Bb2 47. a4 Kb4 48. Nd2 c3 49. Nb1 Bxa4 50. Bxa4 Kxa4 51. Kd3 Kb3 0-1

[Event "SVK-ch U18/20"]
[Site "Stara Lubovna"]
[Date "2021.06.30"]
[Round "6"]
[White "Priechodsky, Radovan"]
[Black "Ihnat, Marek1111"]
[Result "0-1"]
[WhiteElo "2068"]
[BlackElo "2059"]
[PlyCount "94"]
[EventDate "2021.06.26"]
[EventType "swiss"]
[EventRounds "9"]
[EventCountry "SVK"]
[SourceTitle "CBM 203 Extra"]
[Source "ChessBase"]
[SourceDate "2021.09.30"]
[SourceVersion "1"]
[SourceVersionDate "2021.09.30"]
[SourceQuality "1"]

1. c4 Nf6 2. Nc3 d5 3. cxd5 Nxd5 4. Nf3 g6 5. g3 Bg7 6. Bg2 Nb6 7. 0-0 0-0 8. d4 Nc6 9. e3 Re8 10. b3 e5 11. dxe5 Nxe5 12. Nxe5 Bxe5 13. Bb2 c6 14. Qc2 Be6 15. Rad1 Qe7 16. Ne4 Bf5 17. f3 Bxb2 18. Qxb2 Bxe4 19. fxe4 Rad8 20. Rd4 Qg5 21. Qf2 Qe7 22. Rfd1 c5 23. R4d2 c4 24. Rd4 Rc8 25. Bh3 Rc7 26. bxc4 Qb4 27. Bf1 Nxc4 28. a3 Qc3 29. R1d3 Qc1 30. Rd1 Qc3 31. R1d3 Qc1 32. Rd1 Qc3 33. R1d3 Qa5 34. Rd7 Rxd7 35. Rxd7 Ne5 36. Rxb7 Qxa3 37. Kg2 Re7 38. Rb5 Ng4 39. Qf3 Nxe3+ 40. Kh3 Qc1 41. Be2 h5 42. Qf6 Qc8+ 43. g4 hxg4+ 44. Kg3 Rxe4 45. Bd3 Qc7+ 46. Kh4 Qxh2+ 47. Kg5 Qh5# 0-1

[Event "Liptovsky Jan Slovak op U2200"]
[Site "Liptovsky Jan"]
[Date "2021.06.19"]
[Round "4"]
[White "Priechodsky, Radovan"]
[Black "Striskova, Lucia"]
[Result "1-0"]
[WhiteElo "2068"]
[BlackElo "1775"]
[PlyCount "119"]
[EventDate "2021.06.17"]
[EventType "swiss"]
[EventRounds "7"]
[EventCountry "SVK"]
[SourceTitle "CBM 203 Extra"]
[Source "ChessBase"]
[SourceDate "2021.09.30"]
[SourceVersion "1"]
[SourceVersionDate "2021.09.30"]
[SourceQuality "1"]

1. c4 c5 2. Nc3 Nc6 3. g3 g6 4. Bg2 Bg7 5. d3 e6 6. e4 Nge7 7. Nge2 0-0 8. 0-0 a6 9. Rb1 Rb8 10. f4 d6 11. h3 b5 12. g4 f5 13. b3 Nd4 14. Bb2 Nec6 15. Nxd4 Nxd4 16. Ne2 e5 17. Nxd4 exd4 18. exf5 gxf5 19. Bd5+ Kh8 20. g5 Bb7 21. Qf3 Bxd5 22. Qxd5 Qd7 23. Rbe1 Rbe8 24. Bc1 Rg8 25. Kf2 Rgf8 26. Bd2 b4 27. h4 Rd8 28. Re2 Rfe8 29. Rfe1 Rxe2+ 30. Rxe2 Bf8 31. Ke1 Kg7 32. Kd1 Qf7 33. Qxf7+ Kxf7 34. h5 h6 35. g6+ Kf6 36. Be1 Rd7 37. Bh4+ Kg7 38. Re6 Ra7 39. Bf6+ Kg8 40. Re8 Rb7 41. g7 Rxg7 42. Bxg7 Kxg7 43. Ke2 Kf7 44. Ra8 Be7 45. Rxa6 Ke8 46. a4 bxa3 47. Rxa3 Kf7 48. Ra7 Ke6 49. Rb7 Bf8 50. Rb8 Kf7 51. b4 cxb4 52. Rxb4 Ke7 53. Rb7+ Kf6 54. Kd2 Ke6 55. Kc2 Be7 56. Kb3 Bf8 57. Ka4 Kf6 58. Kb5 Ke6 59. Kc6 Be7 60. Ra7 1-0

[Event "SVK League Cup 1st"]
[Site "Tornelo INT"]
[Date "2021.04.10"]
[Round "5"]
[White "Priechodsky, Radovan"]
[Black "Gazik, Viktor"]
[Result "0-1"]
[WhiteElo "2068"]
[BlackElo "2542"]
[PlyCount "64"]
[EventDate "2021.03.27"]
[EventType "swiss"]
[EventRounds "8"]
[EventCountry "SVK"]
[SourceTitle "EXT 2022"]
[Source "ChessBase"]
[SourceDate "2021.10.06"]
[SourceVersion "1"]
[SourceVersionDate "2021.10.06"]
[SourceQuality "1"]

1. d4 g6 2. Bf4 Bg7 3. e4 c5 4. Nc3 cxd4 5. Nd5 d6 6. Nf3 Nc6 7. Qd2 Bg4 8. Bc4 Bxf3 9. gxf3 a5 10. c3 e6 11. Bg5 f6 12. Nf4 Ne5 13. Be2 d3 14. Nxe6 dxe2 15. Qxe2 Qd7 16. Nxg7+ Qxg7 17. Bf4 Qc7 18. Bxe5 fxe5 19. 0-0-0 Nf6 20. Qb5+ Kf7 21. f4 exf4 22. f3 Rhe8 23. Qg5 d5 24. h4 Qe5 25. Qh6 dxe4 26. h5 exf3 27. hxg6+ hxg6 28. Rh4 Rad8 29. Qxf4 Rxd1+ 30. Kxd1 g5 31. Qc4+ Qd5+ 32. Qxd5+ Nxd5 0-1

[Event "SVK-ch U16"]
[Site "Lubovna"]
[Date "2020.08.21"]
[Round "8"]
[White "Zetocha, Adrian"]
[Black "Priechodsky, Radovan"]
[Result "1/2-1/2"]
[WhiteElo "2078"]
[BlackElo "1975"]
[PlyCount "93"]
[EventDate "2020.08.15"]
[EventType "swiss"]
[EventRounds "9"]
[EventCountry "SVK"]
[SourceTitle "EXT 2021"]
[Source "ChessBase"]
[SourceDate "2020.10.23"]
[SourceVersion "1"]
[SourceVersionDate "2020.10.23"]
[SourceQuality "1"]

1. d4 d5 2. Nf3 Nf6 3. e3 e6 4. Bd3 c5 5. c3 Nc6 6. 0-0 Be7 7. Nbd2 0-0 8. dxc5 Bxc5 9. e4 Qc7 10. Qe2 b6 11. e5 Ng4 12. Bxh7+ Kxh7 13. Ng5+ Kg8 14. Qxg4 Qxe5 15. Nb3 Ba6 16. Bf4 Qf5 17. Qxf5 exf5 18. Rfd1 Rad8 19. Nf3 Be2 20. Rd2 Bxf3 21. gxf3 d4 22. Nxc5 bxc5 23. Rc1 dxc3 24. Rxc3 Rxd2 25. Bxd2 Nd4 26. Kg2 Ne6 27. Be3 Rd8 28. h4 Rd5 29. Kg3 Kh7 30. Ra3 Rd7 31. Ra5 Rc7 32. h5 Kg8 33. f4 g6 34. hxg6 fxg6 35. b4 cxb4 36. Bxa7 Rc4 37. Be3 g5 38. Rxf5 gxf4+ 39. Bxf4 Nxf4 40. Rxf4 Rc3+ 41. Kg2 Rc2 42. Rxb4 Rxa2 43. Rb6 Kf7 44. Kg3 Ra5 45. Kg4 Ra4+ 46. f4 Ra5 47. f5 1/2-1/2

[Event "SVK-ch U16"]
[Site "Lubovna"]
[Date "2020.08.20"]
[Round "7"]
[White "Priechodsky, Radovan"]
[Black "Vadila, Ondrej"]
[Result "1/2-1/2"]
[WhiteElo "1975"]
[BlackElo "2046"]
[PlyCount "103"]
[EventDate "2020.08.15"]
[EventType "swiss"]
[EventRounds "9"]
[EventCountry "SVK"]
[SourceTitle "EXT 2021"]
[Source "ChessBase"]
[SourceDate "2020.10.23"]
[SourceVersion "1"]
[SourceVersionDate "2020.10.23"]
[SourceQuality "1"]

1. e4 c5 2. Nf3 g6 3. d4 cxd4 4. Nxd4 Bg7 5. Nc3 Nc6 6. Be3 Nf6 7. Bc4 Qa5 8. f3 Qb4 9. Bb3 Nxe4 10. Nxc6 Bxc3+ 11. Kf1 bxc6 12. bxc3 Ba6+ 13. Kg1 Nxc3 14. Qd2 0-0 15. g3 Ne2+ 16. Kf2 Qxd2 17. Bxd2 Nd4 18. Rhe1 Rfe8 19. Bg5 e6 20. Red1 c5 21. Ba4 Reb8 22. Bf6 Rb2 23. Rxd4 cxd4 24. Bb3 Rc8 25. Bxd4 Rcxc2+ 26. Bxc2 Rxc2+ 27. Kg1 f6 28. Bxf6 Bb7 29. Rd1 Bc6 30. a3 Kf7 31. Bd4 a5 32. Rd3 a4 33. Be5 Re2 34. Bd4 e5 35. Bc5 Rc2 36. Bb4 g5 37. Re3 Ke6 38. Bc3 d6 39. f4 gxf4 40. gxf4 e4 41. Bb4 d5 42. Rc3 Rxc3 43. Bxc3 Kf5 44. Kf2 Kxf4 45. Bd4 h5 46. Bc5 h4 47. Bd6+ Kg4 48. Be5 Kh3 49. Ke3 Kg2 50. Bf4 Kf1 51. Bg5 h3 52. Bf4 1/2-1/2

[Event "SVK-ch U16"]
[Site "Liptovsky Mikulas"]
[Date "2019.04.28"]
[Round "7"]
[White "Nosak, Alexander"]
[Black "Priechodsky, Radovan"]
[Result "0-1"]
[WhiteElo "1667"]
[BlackElo "1860"]
[PlyCount "92"]
[EventDate "2019.04.23"]
[EventType "swiss"]
[EventRounds "9"]
[EventCountry "SVK"]
[SourceTitle "CBM 190 Extra"]
[Source "ChessBase"]
[SourceDate "2019.07.15"]
[SourceVersion "1"]
[SourceVersionDate "2019.07.15"]
[SourceQuality "1"]

1. e4 c5 2. Nf3 Nf6 3. e5 Nd5 4. d4 e6 5. c4 Nb6 6. d5 d6 7. dxe6 Bxe6 8. exd6 Bxd6 9. Qc2 Nc6 10. Bd2 Nd4 11. Nxd4 cxd4 12. Bd3 Be5 13. Ba5 Qg5 14. g3 Bxg3 15. hxg3 Qxa5+ 16. Nd2 Rc8 17. b3 Qe5+ 18. Kf1 Nd5 19. Re1 Qf6 20. Kg2 Nb4 21. Qb1 Kf8 22. Ne4 Qg6 23. Nd6 Qxd3 24. Nxc8 Qxb1 25. Rxb1 Bxc8 26. Rbd1 Nc2 27. Rd2 Bf5 28. Rc1 d3 29. Kf3 h5 30. Kf4 g6 31. Ke5 Ke7 32. Kf4 Kf6 33. Kf3 Re8 34. Kg2 Re2 35. Rdd1 Ne3+ 36. Kg1 Nxd1 37. Rxd1 Rxa2 38. Kf1 Bh3+ 39. Kg1 Bf5 40. Kf1 Rb2 41. Ke1 Rxb3 42. Ra1 a6 43. c5 Rc3 44. Ra5 Rc2 45. Kd1 Bg4+ 46. Ke1 d2+ 0-1

[Event "SVK-ch U16"]
[Site "Liptovsky Mikulas"]
[Date "2019.04.27"]
[Round "6"]
[White "Priechodsky, Radovan"]
[Black "Gyerpal, Adrian"]
[Result "0-1"]
[WhiteElo "1860"]
[BlackElo "2040"]
[PlyCount "50"]
[EventDate "2019.04.23"]
[EventType "swiss"]
[EventRounds "9"]
[EventCountry "SVK"]
[SourceTitle "CBM 190 Extra"]
[Source "ChessBase"]
[SourceDate "2019.07.15"]
[SourceVersion "1"]
[SourceVersionDate "2019.07.15"]
[SourceQuality "1"]

1. d4 Nf6 2. Bf4 g6 3. Nf3 Bg7 4. c3 0-0 5. h3 d6 6. e3 Nbd7 7. Be2 b6 8. 0-0 Bb7 9. Nbd2 c5 10. Re1 a6 11. Bd3 e5 12. dxe5 dxe5 13. Bxe5 Nxe5 14. Nxe5 Nd5 15. Ndf3 Re8 16. Ng4 h5 17. Ngh2 Nxc3 18. Qc2 Nd5 19. Bc4 Qf6 20. Rad1 Nb4 21. Qb3 b5 22. Bxf7+ Qxf7 23. Qxf7+ Kxf7 24. Rd7+ Re7 25. Ng5+ Ke8 0-1

[Event "SVK-ch U16"]
[Site "Liptovsky Mikulas"]
[Date "2019.04.26"]
[Round "5"]
[White "Vadila, Ondrej"]
[Black "Priechodsky, Radovan"]
[Result "1-0"]
[WhiteElo "2087"]
[BlackElo "1860"]
[PlyCount "73"]
[EventDate "2019.04.23"]
[EventType "swiss"]
[EventRounds "9"]
[EventCountry "SVK"]
[SourceTitle "CBM 190 Extra"]
[Source "ChessBase"]
[SourceDate "2019.07.15"]
[SourceVersion "1"]
[SourceVersionDate "2019.07.15"]
[SourceQuality "1"]

1. e4 c5 2. Nf3 Nc6 3. d4 cxd4 4. Nxd4 Nf6 5. Nc3 e5 6. Ndb5 d6 7. Bg5 a6 8. Na3 b5 9. Bxf6 gxf6 10. Nd5 Bg7 11. c3 Be6 12. Nc2 Ne7 13. Nce3 0-0 14. Qf3 Nxd5 15. exd5 Bd7 16. Bd3 Re8 17. 0-0 f5 18. Bxf5 Bxf5 19. Nxf5 Qf6 20. Rfe1 Rac8 21. Re4 Rc4 22. Rae1 Rec8 23. h4 R8c5 24. Rxc4 Rxc4 25. Re4 Rxe4 26. Qxe4 h6 27. Qg4 Kh7 28. Qxg7+ Qxg7 29. Nxg7 Kxg7 30. f3 f5 31. Kf2 f4 32. Ke2 Kg6 33. b3 Kh5 34. c4 bxc4 35. bxc4 Kg6 36. Kd3 h5 37. c5 1-0